000 00864nam a22002057a 4500
999 _c22232
_d22232
003 AR-CdUCM
008 190425b ||||| |||| 00| 0 spa d
040 _aMUNICIPALIDAD PROVINCIAL DEL CUSCO
_cBIBLIOTECA MUNICIPAL DEL CUSCO
082 _aPasalavoz/N°1/2006
245 _aPasa la voz :
_bperiódico por los niños para los niños /
_cAsociación pasa la voz
260 _aCusco.
_bPasa la voz,
_c2006.
300 _a23 páginas. :
_bilustraciones ;
_c33 cm.
440 _aPasa la voz.
_nAño I, N°1, marzo junio 2006.
_947703
505 _aContenido: Tradiciones cusqueñas. -- Síguenos en la ruta fantasma. -- Visita con nosotros el Diario el Sol. -- Conoce más acerca de nuestro ídolo Oscar Ibáñez.
650 _aNiños cusqueños
_947704
650 _aFolklore
_947705
710 _aAsociación Pasa La Voz
_947706
942 _2ddc
_cPP
945 _arac